Gravity : (Record no. 29023)

000 -LEADER
fixed length control field 00824 a2200181 4500
020 ## - INTERNATIONAL STANDARD BOOK NUMBER
International Standard Book Number 0805386629
020 ## - INTERNATIONAL STANDARD BOOK NUMBER
International Standard Book Number 9780805386622
082 04 - DEWEY DECIMAL CLASSIFICATION NUMBER
Classification number 530.11
090 ## - LOCALLY ASSIGNED LC-TYPE CALL NUMBER (OCLC); LOCAL CALL NUMBER (RLIN)
-- 391
-- 391
100 1# - MAIN ENTRY--PERSONAL NAME
Personal name Hartle, James B.
245 10 - TITLE STATEMENT
Title Gravity :
Remainder of title an introduction to einstein's general relativity /
Statement of responsibility, etc. James B. Hartle.
260 ## - PUBLICATION, DISTRIBUTION, ETC.
Place of publication, distribution, etc. [S.l.] :
Name of publisher, distributor, etc. Benjamin Cummings,
Date of publication, distribution, etc. 2003.
300 ## - PHYSICAL DESCRIPTION
Extent 656 p. ;
Dimensions 24 cm.
942 ## - ADDED ENTRY ELEMENTS (KOHA)
Institution code [OBSOLETE] SNS
Koha item type Book
Call number prefix 530.11 HAR
Holdings
Withdrawn status Lost status Damaged status Not for loan Permanent Location Current Location Date acquired Total Checkouts Full call number Barcode Date last seen Date last checked out Price effective from Koha item type Total Renewals
        School of Natural Sciences (SNS) School of Natural Sciences (SNS) 05/26/2016 1 530.11 HAR SNS0000313 12/30/2024 12/11/2024 05/26/2016 Book  
        School of Natural Sciences (SNS) School of Natural Sciences (SNS) 05/26/2016 4 530.11 HAR SNS0001316 02/04/2026 10/02/2025 05/26/2016 Book 3
        School of Natural Sciences (SNS) School of Natural Sciences (SNS) 05/26/2016 2 530.11 HAR SNS0001955 09/30/2020 10/02/2019 05/26/2016 Book  
© 2023 Central Library, National University of Sciences and Technology. All Rights Reserved.